Difficult Harry Potter Quiz - Statistics

General Stats
  • This quiz has been taken 507 times
    455 since last reset
  • The average score is 11 of 21
Answer Stats
Hint Answer % Correct
What is the first Horcrux to be destroyed? Diary
93%
How many compulsory subjects are there at Hogwarts? Seven
91%
Who is head of Hufflepuff House? Pomona Sprout
88%
What is Dumbledore's full name? Albus Percival Wulfric Brian Dumbledore
86%
What relationship do Tonks and Draco have? Cousins
85%
Who is the ghost of Hufflepuff House? The Fat Friar
80%
When does the school year begin? September 1st
75%
Who was Voldemort's mother? Merope Gaunt
71%
Who is the Muggle Studies professor at Hogwarts (for the first 5 books)? Charity Burbage
69%
Who is married to Andromeda Black? Ted Tonks
63%
What is Nearly Headless Nick's full name? Sir Nicholas de Mimsy Porpington
54%
Which prankster was known as 'River' when hiding his identity on 'Potterwatch'? Lee Jordan
53%
Crookshanks, Hermione's pet, is half cat and half what? Kneazle
32%
How many possible fouls can be comitted in a game of Quidditch? 700
30%
What is the native language of the Goblin race? Gobbledygook
24%
Food is the first of the five principal exceptions to whose Law of Elemental Transfiguration? Gamp's
18%
Finish this quote from the first book (and movie): "Marge is ill - ate a funny ?" Whelk
17%
What does S.P.E.W. stand for? Society for the Promotion of Elvish Welfare
12%
To open the one-eyed witch passage you have to tap the hump and say what spell? Dissendium
11%
In what Ministry Department does Mafilda Hopkirk work? The Improper use of Magic Office
5%
Who is the editor of the 'Daily Prophet'? Barnabus Cuffe
4%
No matching quizzes found
Score Distribution
Percent of People with Each Score
Percentile by Number Answered
Your Score History
You have not taken this quiz since the last reset